Statistiques concernant Exercices Muscu

Cliquez ici pour prendre le quiz!

Statistiques générales

  • Ce quiz a été pris 283 fois
  • Le résultat moyen est 7 sur 10

Statistiques - réponses

Réponse% Correct
Pompe
100%
Squat
96%
Traction
90%
Gainage
87%
Fente
85%
Dips
80%
Jumping Jack
70%
Crunch
67%
Développé couché
47%
Mountain Climber
28%

Distribution des résultats

Percentile par nombre de réponses

% des personnes avec chaque résultat

Votre développement - résultats

Vous n’avez pas pris ce quiz